000 00660nam a2200193 a 4500
001 000023232
005 20200930022057.0
008 101130s1981 mx ac r 000 0 spa d
040 _aDO-SdBNP
_bspa
_cBNPHU
082 _axxxx
_bR696t
100 1 _aRodríguez Pazos, Tomás
_947839
245 1 0 _aTaller de lectura y redacción :
_btécnicas para la expresión oral y escrita /
_cTomás Rodríguez Pazos.
260 _aMéxico, D. F. :
_bTrillas,
_c1981.
300 _a175 p. :
_bil, retrs. ;
_c25 cm.
500 _aIncluye bibliografía p. [175].
500 _aIncluye notas al pie de las páginas.
710 2 _aColegio de Bachilleres
_947840
049 _aBNGR
999 _c22729
_d22729